[Event "Tula Suetin Memorial"]
[Site "Tula"]
[Date "2019.01.07"]
[Round "7"]
[White "Garayev, Murad"]
[Black "Khruschiov, Alexey"]
[Result "1/2-1/2"]
[WhiteElo "2447"]
[BlackElo "2370"]
[PlyCount "22"]
[EventDate "2019.01.03"]
[EventType "tourn"]
[EventRounds "9"]
[EventCountry "RUS"]
[EventCategory "6"]
[SourceTitle "CBM 188 Extra"]
[Source "ChessBase"]
[SourceDate "2019.02.28"]
[SourceVersion "1"]
[SourceVersionDate "2019.02.28"]
[SourceQuality "1"]

1. d4 Nf6 2. c4 g6 3. Nc3 Bg7 4. e4 0-0 5. Be2 d6 6. Nf3 e5 7. dxe5 dxe5 8. Qxd8 Rxd8 9. Bg5 Rf8 10. Nd5 Nxd5 11. cxd5 c6 1/2-1/2

[Event "Donskoj 07"]
[Site "Donskoj"]
[Date "2018.07.21"]
[Round "2"]
[White "Brovkin, Alexander"]
[Black "Garayev, Murad"]
[Result "0-1"]
[WhiteElo "2294"]
[BlackElo "2440"]
[PlyCount "88"]
[EventDate "2018.07.20"]
[EventType "tourn"]
[EventRounds "9"]
[EventCountry "RUS"]
[EventCategory "2"]
[SourceTitle "CBM 186 Extra"]
[Source "ChessBase"]
[SourceDate "2018.08.24"]
[SourceVersion "1"]
[SourceVersionDate "2018.08.24"]
[SourceQuality "1"]

1. e4 c5 2. Nf3 d6 3. d4 cxd4 4. Nxd4 Nf6 5. Nc3 a6 6. Be2 e5 7. Nb3 Be6 8. Bg5 Nbd7 9. Qd3 Be7 10. 0-0-0 Rc8 11. Bf3 0-0 12. Kb1 b5 13. Rhe1 Bc4 14. Qe3 h6 15. Bh4 b4 16. Ne2 a5 17. Ng3 a4 18. Nc1 a3 19. b3 Be6 20. Nf5 Bxf5 21. exf5 Ng4 22. Bxg4 Bxh4 23. g3 Bg5 24. f4 exf4 25. gxf4 Qf6 26. Qd4 Bxf4 27. Qxf6 Nxf6 28. Nd3 Bxh2 29. Bf3 Rb8 30. Re2 Be5 31. Nxe5 dxe5 32. Rxe5 Rfe8 33. Rde1 Rxe5 34. Rxe5 h5 35. c3 bxc3 36. Kc2 Rb4 37. Kxc3 Rf4 38. Bc6 Rf2 39. b4 Rxa2 40. b5 Ra1 41. b6 Rc1+ 42. Kb3 Rxc6 43. Rb5 Nd7 44. b7 h4 0-1

[Event "Odoev-ch"]
[Site "Odoev"]
[Date "2018.06.05"]
[Round "9"]
[White "Garayev, Murad"]
[Black "Moiseenko, Vladimir"]
[Result "1/2-1/2"]
[WhiteElo "2397"]
[BlackElo "2255"]
[PlyCount "98"]
[EventDate "2018.05.28"]
[EventType "swiss"]
[EventRounds "9"]
[EventCountry "RUS"]
[SourceTitle "EXT 2019"]
[Source "ChessBase"]
[SourceDate "2018.10.10"]
[SourceVersion "1"]
[SourceVersionDate "2018.10.10"]
[SourceQuality "1"]

1. e4 c5 2. Nf3 d6 3. d4 cxd4 4. Nxd4 Nf6 5. Nc3 a6 6. Be3 Ng4 7. Bc1 Nf6 8. Be3 Ng4 9. Bc1 Nc6 10. h3 Nf6 11. Be3 g6 12. Be2 Bg7 13. 0-0 0-0 14. Nb3 Be6 15. f4 Qd7 16. a4 Rad8 17. Bb6 Rc8 18. Bf3 Bc4 19. Rf2 Bh6 20. Be2 Bxe2 21. Qxe2 Nh5 22. Qd2 Ne5 23. Na5 Nc4 24. Nxc4 Rxc4 25. g4 Nxf4 26. Rxf4 Qc6 27. Nd5 Re8 28. Be3 Bxf4 29. Bxf4 Rxc2 30. Qd3 Rxb2 31. Bg5 Qc5+ 32. Be3 Qc6 33. Rc1 Qxa4 34. Nxe7+ Rxe7 35. Qd4 Qxd4 36. Rc8+ Kg7 37. Bxd4+ Kh6 38. Bxb2 Rxe4 39. Rc7 Re2 40. Bf6 g5 41. Rxb7 Kg6 42. Bd4 Re4 43. Bb2 h5 44. gxh5+ Kxh5 45. Rxf7 g4 46. Rh7+ Kg6 47. Rg7+ Kh5 48. Rxg4 Rxg4+ 49. hxg4+ Kxg4 1/2-1/2

[Event "Odoev-ch"]
[Site "Odoev"]
[Date "2018.06.04"]
[Round "8"]
[White "Gusev, Aleksey"]
[Black "Garayev, Murad"]
[Result "1/2-1/2"]
[WhiteElo "2367"]
[BlackElo "2397"]
[PlyCount "63"]
[EventDate "2018.05.28"]
[EventType "swiss"]
[EventRounds "9"]
[EventCountry "RUS"]
[SourceTitle "EXT 2019"]
[Source "ChessBase"]
[SourceDate "2018.10.10"]
[SourceVersion "1"]
[SourceVersionDate "2018.10.10"]
[SourceQuality "1"]

1. d4 d5 2. Nf3 Nf6 3. Bf4 e6 4. e3 Bd6 5. Bg3 0-0 6. Bd3 c5 7. c3 b6 8. 0-0 Ba6 9. Bxa6 Nxa6 10. Nbd2 Bxg3 11. hxg3 Nb8 12. Ne5 Nbd7 13. Ndf3 Nxe5 14. Nxe5 Nd7 15. f4 f6 16. Nxd7 Qxd7 17. Qe2 Rae8 18. dxc5 bxc5 19. e4 d4 20. e5 fxe5 21. fxe5 dxc3 22. bxc3 Rxf1+ 23. Rxf1 Rf8 24. Rd1 Qa4 25. Rd6 Qa3 26. Qd2 Re8 27. Rd7 Qa4 28. c4 Rf8 29. Qd3 Qxa2 30. Qe4 a5 31. Kh2 Qa1 32. Rd6 1/2-1/2

[Event "Odoev-ch"]
[Site "Odoev"]
[Date "2018.05.29"]
[Round "2"]
[White "Viktorov, Alexandr G"]
[Black "Garayev, Murad"]
[Result "0-1"]
[WhiteElo "2289"]
[BlackElo "2397"]
[PlyCount "70"]
[EventDate "2018.05.28"]
[EventType "swiss"]
[EventRounds "9"]
[EventCountry "RUS"]
[SourceTitle "EXT 2019"]
[Source "ChessBase"]
[SourceDate "2018.10.10"]
[SourceVersion "1"]
[SourceVersionDate "2018.10.10"]
[SourceQuality "1"]

1. e4 c5 2. Nf3 Nc6 3. d4 cxd4 4. Nxd4 Nf6 5. Nc3 e5 6. Ndb5 d6 7. a4 a6 8. Na3 Be6 9. Nc4 Nb4 10. a5 d5 11. Nb6 d4 12. Nxa8 Qxa8 13. Na4 b5 14. Bd3 bxa4 15. 0-0 Qc6 16. f4 h5 17. Qe2 exf4 18. Bxf4 Ng4 19. Kh1 Bd6 20. e5 Bc5 21. Rf3 Nxd3 22. cxd3 0-0 23. Rg3 f6 24. h3 fxe5 25. Bxe5 Re8 26. Rf1 Bd5 27. hxg4 h4 28. Rh3 Rxe5 29. Qxe5 Bxg2+ 30. Kg1 Bxh3 31. Rf2 a3 32. b4 Bf8 33. Qxd4 Bd6 34. Qc4+ Qxc4 35. dxc4 Bxb4 0-1

[Event "Odoev-ch"]
[Site "Odoev"]
[Date "2018.05.28"]
[Round "1"]
[White "Garayev, Murad"]
[Black "Golovin, Nikolay M"]
[Result "1-0"]
[WhiteElo "2397"]
[BlackElo "2188"]
[PlyCount "79"]
[EventDate "2018.05.28"]
[EventType "swiss"]
[EventRounds "9"]
[EventCountry "RUS"]
[SourceTitle "EXT 2019"]
[Source "ChessBase"]
[SourceDate "2018.10.10"]
[SourceVersion "1"]
[SourceVersionDate "2018.10.10"]
[SourceQuality "1"]

1. e4 e5 2. Bc4 Nf6 3. d3 c6 4. Nf3 d5 5. Bb3 Bb4+ 6. c3 Bd6 7. Qe2 0-0 8. Bg5 dxe4 9. dxe4 Qe7 10. Nbd2 Na6 11. Nc4 Bc7 12. 0-0-0 b5 13. Ne3 Be6 14. Nf5 Bxf5 15. exf5 Rad8 16. Rhe1 Nc5 17. Bc2 Rfe8 18. Rxd8 Qxd8 19. Rd1 Qe7 20. b4 Ncd7 21. Be4 h6 22. Bxf6 Nxf6 23. Bxc6 Rc8 24. Qxb5 a5 25. Qa6 Rb8 26. a3 axb4 27. axb4 e4 28. Nd4 Qe5 29. g3 Bb6 30. Qc4 e3 31. f4 Qc7 32. Nb5 Qe7 33. Bf3 Rd8 34. Rxd8+ Qxd8 35. Nd4 Kh7 36. Kc2 Qe8 37. b5 Qd7 38. Kd3 Bxd4 39. cxd4 Qxf5+ 40. Kxe3 1-0

[Event "Tula"]
[Site "Tula"]
[Date "2018.04.12"]
[Round "7"]
[White "Garayev, Murad"]
[Black "Shkurkin, Andrey"]
[Result "1-0"]
[WhiteElo "2289"]
[BlackElo "2238"]
[PlyCount "65"]
[EventDate "2018.04.09"]
[EventType "tourn"]
[EventRounds "13"]
[EventCountry "RUS"]
[EventCategory "2"]
[SourceTitle "CBM 184 Extra"]
[Source "ChessBase"]
[SourceDate "2018.06.28"]
[SourceVersion "1"]
[SourceVersionDate "2018.06.28"]
[SourceQuality "1"]

1. d4 d6 2. Nf3 g6 3. c4 Bg7 4. Nc3 Nf6 5. e4 0-0 6. h3 e5 7. d5 Nh5 8. Be3 a5 9. c5 Na6 10. cxd6 cxd6 11. Bb5 b6 12. 0-0 Nc5 13. Rc1 Ra7 14. a3 Nf4 15. b4 Nd7 16. Qa4 Nf6 17. Rc2 N6h5 18. Rfc1 f5 19. bxa5 Rxa5 20. Qb4 fxe4 21. Nxe4 Rxb5 22. Qxb5 Bf5 23. Nfd2 Qa8 24. Rc6 Qxa3 25. Nxd6 Bd3 26. N2c4 Qa2 27. Rc8 Ne2+ 28. Kh2 Nxc1 29. Rxf8+ Bxf8 30. Qe8 Qa7 31. Qe6+ Kh8 32. Nf7+ Kg7 33. Bh6+ 1-0

[Event "Tula"]
[Site "Tula"]
[Date "2018.04.10"]
[Round "3"]
[White "Garayev, Murad"]
[Black "Postypalskiy, Mihail"]
[Result "1/2-1/2"]
[WhiteElo "2289"]
[BlackElo "2354"]
[PlyCount "68"]
[EventDate "2018.04.09"]
[EventType "tourn"]
[EventRounds "13"]
[EventCountry "RUS"]
[EventCategory "2"]
[SourceTitle "CBM 184 Extra"]
[Source "ChessBase"]
[SourceDate "2018.06.28"]
[SourceVersion "1"]
[SourceVersionDate "2018.06.28"]
[SourceQuality "1"]

1. d4 Nf6 2. c4 e6 3. Nf3 c5 4. e3 d5 5. Nc3 Nc6 6. a3 cxd4 7. exd4 Be7 8. Bd3 dxc4 9. Bxc4 0-0 10. 0-0 b6 11. d5 Na5 12. Ba2 exd5 13. Nxd5 Bb7 14. Nxe7+ Qxe7 15. Bg5 Rad8 16. Qe1 Nc6 17. Qxe7 Nxe7 18. Rfe1 Ng6 19. Ne5 Bd5 20. Bxd5 Rxd5 21. Bxf6 gxf6 22. Ng4 Kg7 23. Rad1 Rfd8 24. Ne3 Rd2 25. Kf1 Nf4 26. Rxd2 Rxd2 27. g3 Ne6 28. Re2 Rd3 29. Rc2 Rd7 30. Kg2 h5 31. Nf5+ Kg6 32. Nh4+ Kg7 33. Nf5+ Kg6 34. Nh4+ Kg7 1/2-1/2

[Event "Zolochiv Winter op"]
[Site "Zolochiv"]
[Date "2017.12.04"]
[Round "3"]
[White "Garayev, Murad"]
[Black "Dourtmes, Philip"]
[Result "1/2-1/2"]
[WhiteElo "2289"]
[BlackElo "2328"]
[PlyCount "23"]
[EventDate "2017.12.03"]
[EventType "swiss"]
[EventRounds "9"]
[EventCountry "UKR"]
[SourceTitle "EXT 2019"]
[Source "ChessBase"]
[SourceDate "2018.10.10"]
[SourceVersion "1"]
[SourceVersionDate "2018.10.10"]
[SourceQuality "1"]

1. d4 d5 2. c4 dxc4 3. Nf3 Nf6 4. e3 a6 5. Bxc4 b5 6. Bd3 Bb7 7. 0-0 e6 8. a4 b4 9. Qe2 c5 10. dxc5 Bxc5 11. e4 Nbd7 12. Bg5 1/2-1/2